000 00597nam a2200229Ia 4500
005 20250425161621.0
008 250425s9999 xx 000 0 und d
041 _aeng
082 _a620.112
100 _aNASH, WILLIAM A.
245 0 _aSCHAUM S OUTLINE OF THEORY AND PROBLEMS OF STRENGTH OF MATERIALS
250 _aS.E.
260 _aEstados Unidos
_bSCHAUMS OUTLINE SERIES, MCGRAW-HILL
_c1957
260 _aNEW YORK
300 _a301
650 _aDEFLEXIONES
650 _aESFUERZOS
650 _aRESISTENCIA DE MATERIALES
650 _aVIGAS
942 _c01
010 _a24336
999 _c212665
_d212665